| 000 | 00620nam a2200205Ia 4500 | ||
|---|---|---|---|
| 008 | 240729s9999 xx 000 0 und d | ||
| 022 | _a1683-8602 | ||
| 245 | 0 | _aJournal of Data Science | |
| 260 | _aChina | ||
| 260 | _bSchool of Statistics, Renmin University of China | ||
| 650 | _a Electronic computers. Computer science | Science | ||
| 650 | _a Instruments and machines | ||
| 650 | _a Mathematics | ||
| 650 | _a Mathematics | ||
| 650 | _a Probabilities. Mathematical statistics | ||
| 650 | _aScience | ||
| 856 | _uhttps://doaj.org/toc/dff3d4cd2c8440a8919210b8dd5b86b1 | ||
| 942 | _2ddc | ||
| 942 | _cDOAJEJ | ||
| 999 |
_c72068 _d72068 |
||
| 945 |
_a1 _bMadushi Gamage _c1 _dMadushi Gamage |
||